000 00507nam a22001937a 4500
003 OSt
005 20140310181745.0
008 130608t xxu||||| |||| 00| 0 eng d
050 _aTX 353
_b.L719 1979
082 _aM 613.2
_bL62 1979
245 _aHow to eat for health /
_cLief, Stanley
260 _aNew York :
_bBaronet Publishing Company,
_c1979.
300 9 _a96 p. :
_c18 cm.
521 _acollege students
526 _c1210L-1700L
541 _j1
562 _e1
942 _2lcc
_cBK
_kM
999 _c2934
_d2934